[Event "Teplice Open 2018"]
[Site "Teplice"]
[Date "2018.06.22"]
[Round "7"]
[White "Oglaza, Oskar"]
[Black "Saduakassova, Dinara"]
[Result "1/2-1/2"]
[WhiteElo "2322"]
[BlackElo "2491"]
[Annotator "TA"]
[PlyCount "98"]
[EventDate "2018.06.22"]
[EventType "swiss"]
[EventCountry "CZE"]
[SourceTitle "playchess.com"]
[Source "ChessBase"]
[SourceQuality "1"]

{[%evp 13,98,22,42,-5,-4,-33,-36,-37,-40,-91,-69,-86,-77,-77,-77,-89,-121,-95,-94,-112,-81,-61,-72,-70,-52,-65,-72,-87,-87,-87,-87,-87,-80,-81,-80,-91,-76,-68,-62,-62,-62,-101,-101,-101,-101,-101,-101,-101,-101,-102,-102,-93,-93,-126,-126,-126,-125,-231,-126,-256,-69,-70,-64,-121,-67,-118,-78,-145,-70,-77,-77,-80,-77,-103,-75,-74,-70,-64,-66,-76,0,0,0,0,0,0,0]} 1. d4 Nf6 2. c4 e6 3. Nc3 Bb4 4. Qc2 O-O 5. a3 Bxc3+ 6. Qxc3 b5 7. cxb5 a6 {LiveBook: 8 Partien. E32: Nimzoindisch (4.Dc2)} (7... c6 8. f3 Nd5 9. Qd2 f5 10. e3 cxb5 11. Nh3 Qb6 12. Bd3 Nc6 13. O-O a5 14. Qf2 Ba6 15. Rd1 b4 16. e4 fxe4 17. Bxe4 {½-½ (24) Laznicka,V (2651)-Nisipeanu,L (2687) Germany 2017}) 8. b6 cxb6 9. g3 $146 ({Vorgänger:} 9. Bg5 Bb7 10. Rc1 h6 11. Bh4 Nc6 12. e3 Rc8 13. Qd2 Qe7 14. Nf3 Na5 15. Rxc8 Rxc8 {1-0 (37) Posuniak,W (1856)-Sieber,F (2248) Mamaia 2017}) 9... Bb7 {Schwarz steht etwas besser.} 10. Nf3 Nc6 {[%cal Bb8c6,Bc6a7,Ba7b5][%mdl 32]} 11. b4 (11. Bg2 $15) 11... Rc8 12. Qb2 Na7 13. Bg2 Be4 14. Bd2 Rc2 15. Qb3 Qa8 16. Qe3 Nb5 {Weiss muss nun ...Tfc8 beachten.} 17. O-O Nd6 18. Qf4 Qb8 19. Rfd1 Nc4 20. Ne5 Bxg2 ({Viel schwächer wäre} 20... Rxd2 $6 21. Rxd2 Nxd2 22. Qxd2 $11) 21. Nxc4 {zielt auf Dxb8 ab.} Qxf4 22. Bxf4 {Droht Se3 und aus.} Rxc4 23. Kxg2 Nd5 24. Kf3 Rc3+ 25. Kg2 Nxf4+ 26. gxf4 $15 {[%mdl 4096] Endspiel KTT-KTT} d5 27. a4 Rfc8 28. b5 {[#]} a5 $1 29. Ra2 g6 30. e3 Kg7 31. Kf3 Kf6 32. Kg4 R8c4 33. h4 h5+ 34. Kf3 Kf5 35. Rdd2 (35. Raa1 $17 {war einen Versuch wert.}) 35... Rc1 $19 36. Rd3 (36. Rdb2 $17 {war nötig.}) 36... R4c2 $2 (36... Rh1 $19 37. Raa3 Rh3+ 38. Kg2 Rxh4) 37. Rxc2 $15 Rxc2 {KT-KT} 38. Ra3 (38. Rd1 $15) 38... f6 (38... Rc1 $17 39. Kg3 f6) 39. Kg3 (39. Ra1 $15) 39... Rc4 40. f3 {[#]} (40. Ra1 $142) 40... e5 ({Besser ist} 40... g5 $1 $17 {[%cal Rg5f4] Und ...gxf4+ würde nun gewinnen.} 41. fxg5 fxg5 42. hxg5 Kxg5 43. f4+ Kf5) 41. dxe5 fxe5 42. fxe5 Kxe5 43. Ra1 Kd6 44. f4 Kc5 45. Kf3 Kb4 46. Ke2 d4 (46... Kb3 $17 47. Rg1 Kxa4 48. Rxg6 Kxb5) 47. e4 $11 {Die Stellung ist ausgeglichen.} Rc3 $1 {[%cal Rc3e3] Und weiter mit ...Te3+ wäre nett.} 48. e5 Kc4 49. Rg1 Re3+ {Precision: Weiß = 41%, Schwarz = 65%.} 1/2-1/2

[Event "Teplice Open 2018"]
[Site "Teplice"]
[Date "2018.06.22"]
[Round "7"]
[White "Maryasin, Boris"]
[Black "Turov, Maxim"]
[Result "1-0"]
[WhiteElo "2302"]
[BlackElo "2600"]
[Annotator "TA"]
[PlyCount "87"]
[EventDate "2018.06.22"]
[EventType "swiss"]
[EventCountry "CZE"]
[SourceTitle "playchess.com"]
[Source "ChessBase"]
[SourceQuality "1"]

{[%evp 19,87,17,15,22,17,11,11,0,10,13,14,6,12,8,0,0,0,-4,0,0,0,0,0,0,0,-14,0,0,6,-15,-23,-20,-37,-62,-59,-250,-242,-454,-445,-348,-345,-338,-111,-97,-76,-83,-77,-122,0,0,31,31,33,47,113,43,42,46,48,47,187,181,176,167,512,478,489,488,745,741]} 1. e4 c6 2. d4 d5 3. e5 Bf5 4. Nf3 e6 5. Be2 Ne7 6. Nh4 {B12: Caro-Kann: Advance Variation} (6. O-O h6 7. Nbd2 Nd7 8. Nb3 Bg6 9. a4 a5 10. c3 Nf5 11. Ne1 Be7 12. Nd3 O-O 13. f4 b6 14. g4 Nh4 {1-0 (41) Rodshtein,M (2678)-Riazantsev,A (2662) Sochi 2018}) 6... Bg6 7. O-O Nf5 8. Nxf5 Bxf5 9. Be3 Nd7 10. Nd2 Be7 {LiveBook: 10 Games} 11. f4 Bg6 12. b3 Qa5 $146 ({Predecessor:} 12... O-O 13. c4 f6 {1-0 (35) Gajsin,E (2476)-Bacherikov,V (2260) Tiumen 2011}) 13. Nf3 Qc3 14. Bd3 Bxd3 15. cxd3 Qb4 16. Qe2 a5 17. g4 h5 18. h3 hxg4 19. hxg4 O-O-O 20. Kg2 Nb8 21. Rh1 Na6 22. f5 Nc7 23. Bd2 Qb6 24. Qe1 a4 25. bxa4 Qa6 26. Rxh8 Rxh8 27. Qd1 $2 (27. Bb4 $15 Bd8 28. Qe2) 27... exf5 $19 28. gxf5 $2 (28. Ne1 Qa7 29. Be3) 28... Qxd3 29. Bg5 Qxf5 30. Bxe7 Ne6 $2 (30... Qg4+ $19 31. Kf2 Rh3) 31. Nh4 $17 Qe4+ 32. Qf3 Qxd4 ({But not} 32... Rxh4 $6 33. Bxh4 Qxh4 34. Qxf7 $11) 33. Rf1 Qxe5 (33... g5 $17 34. Nf5 Qb2+ 35. Rf2 Qb1) 34. Qxf7 $11 g5 {And now ...Qe4+ would win.} 35. Qf5 Qxf5 36. Nxf5 {Kg3 is the strong threat.} b6 (36... Kd7 $14) 37. Bd6 ({Better is} 37. Rb1 $16 Kb7 38. a5) 37... Kd7 $14 38. Rb1 Ra8 39. Rxb6 {Strongly threatening Rb7+.} Rxa4 (39... Nf4+ $14 40. Kf3 Rxa4) 40. Rb7+ $18 Kc8 41. Re7 Rxa2+ $2 (41... Nd4 {is a better chance.} 42. Nxd4 Rxd4) 42. Kg3 {White is clearly winning.} Re2 {[#] If only Black now had time for ...Re4....} 43. Bc7 $1 {[%cal Rf5d6][%mdl 512]} Kb7 (43... Nxc7 $142 44. Rxe2 c5) 44. Be5+ $1 {Precision: White = 61%, Black = 36%.} 1-0

[Event "Teplice Open 2018"]
[Site "Teplice"]
[Date "2018.06.23"]
[Round "8"]
[White "Rodshtein, Maxim"]
[Black "Kambrath, Jannick"]
[Result "1-0"]
[WhiteElo "2688"]
[BlackElo "2333"]
[Annotator "TA"]
[PlyCount "81"]
[EventDate "2018.06.22"]
[EventType "swiss"]
[EventCountry "CZE"]
[SourceTitle "playchess.com"]
[Source "ChessBase"]
[SourceQuality "1"]

{[%evp 9,81,8,27,26,32,24,31,27,54,50,84,76,97,62,71,106,161,151,152,140,152,86,184,129,198,191,242,230,225,245,226,180,353,375,370,354,362,374,431,193,334,204,425,127,130,122,122,118,122,112,126,118,137,135,296,302,333,325,361,345,354,285,471,467,483,453,635,643,998,514,981,983,29980,29981]} 1. e4 c5 2. Nc3 a6 3. Nf3 d6 4. g3 e5 (4... b5 5. d4 cxd4 6. Nxd4 Bb7 7. Bg2 e6 8. O-O Nf6 9. Re1 Nbd7 10. e5 Bxg2 11. exf6 Bb7 12. fxg7 Bxg7 13. Nxe6 fxe6 14. Rxe6+ Kf8 15. Rxd6 Qc8 16. Rxd7 Qc6 17. Qd5 Qxd5 18. Nxd5 Bc6 19. Rd6 Rc8 20. Nb6 Rc7 21. Bf4 Bxb2 22. Re1 Kf7 23. Rde6 {1-0 (23) Artemiev,V (2691)-Korobov,A (2652) Riadh 2017}) 5. d3 Nf6 6. Bg2 {B50: Sicilian: 2...d6, Miscellaneous} g6 7. Bg5 $146 ({Predecessor:} 7. O-O Bg7 8. Nh4 O-O 9. f4 exf4 10. Bxf4 h6 11. Nf3 Nc6 {1-0 (43) Shaposhnikov,E (2543)-Ajrapetian,G (2427) Irkutsk 2010}) 7... Bg7 8. h4 {White is slightly better.} h5 9. Nd2 Bg4 10. f3 {[%cal Bf2f3,Bf3f4,Bf4f5][%mdl 32]} Be6 11. O-O $36 {[%mdl 2048] White has good play.} Qc7 12. f4 Bg4 (12... exf4 $16 13. gxf4 Bg4) 13. Qe1 Nbd7 14. Nc4 O-O {[#]} 15. Ne3 ({Better is} 15. f5 $1) 15... Qc6 (15... exf4 $16 {was worth a try.} 16. gxf4 Rae8) 16. Qd2 (16. f5 $18) 16... b5 (16... exf4 $16 17. Rxf4 Nh7) 17. f5 $18 Qb7 (17... c4 $142 18. Ncd5 Nxd5 19. Nxd5 Kh7) 18. Rf2 b4 19. Ncd5 Nxd5 20. Nxd5 Nb6 $2 (20... f6 {might work better.}) 21. Nf6+ Bxf6 22. Bxf6 {Intending Qh6 and mate.} Kh7 23. Raf1 Rae8 24. c3 (24. Bf3 $142) 24... a5 (24... Nd7 $142 25. Bg5 gxf5) 25. Kh2 Qc7 $2 (25... Nd7) 26. d4 $2 (26. Qg5 $18 {has better winning chances.}) 26... Nd7 $16 27. dxe5 dxe5 {[#]} 28. Bg5 $1 {[%cal Rg5h6] Black must now prevent Bh6.} gxf5 29. Rxf5 {Threatens to win with Bh6.} f6 30. Be3 Bxf5 31. Rxf5 Kg6 $2 (31... Rh8 $16 {keeps fighting.}) 32. Bf3 $18 {[%cal Bg2f3,Bf3h5,Bh5g4][%mdl 32]} Rh8 33. Qd1 {[%cal Rf3h5]} Reg8 34. Bxh5+ Kg7 35. Rf2 ({Weaker is} 35. cxb4 cxb4 36. Rf2 Rh7 $18) 35... Kf8 $2 (35... Rh7 {is a better defense.} 36. Bg4 Nf8) 36. Bg4 Ke8 37. Qd5 Rg7 (37... Rxg4 $142 38. Qe6+ Kf8) 38. Rd2 Re7 39. Qa8+ Qd8 (39... Nb8 $142 40. Qd5 bxc3) 40. Qc6 Rhh7 41. Bxc5 {Precision: White = 64%, Black = 21%.} 1-0

[Event "Teplice Open 2018"]
[Site "Teplice"]
[Date "2018.06.23"]
[Round "8"]
[White "Demchenko, Anton"]
[Black "Dastan, Muhammed Batuhan"]
[Result "0-1"]
[WhiteElo "2670"]
[BlackElo "2538"]
[Annotator "TA"]
[PlyCount "80"]
[EventDate "2018.06.22"]
[EventType "swiss"]
[EventCountry "CZE"]
[SourceTitle "playchess.com"]
[Source "ChessBase"]
[SourceQuality "1"]

{[%evp 15,80,-20,2,0,54,25,34,27,53,30,50,34,54,18,5,17,8,28,14,0,69,-3,0,-80,0,0,0,0,0,-1,-24,-25,-26,-71,-68,-123,-116,-110,-112,-136,-4,-141,-160,-143,-124,-141,-134,-915,-938,-888,-863,-870,-882,-1006,-1003,-986,-969,-2237,-2225,-2152,-2079,-2275,-2097,-2232,-2152,-2073,-2116]} 1. e4 c5 2. Nc3 d6 3. d4 cxd4 4. Qxd4 Nc6 5. Qd2 Nf6 6. b3 {B23: Closed Sicilian: Lines without g3} a6 7. Bb2 e6 8. O-O-O b5 {LiveBook: 3 Games} 9. f3 Nd7 $146 (9... Be7 $11) ({Predecessor:} 9... h5 10. Nh3 Be7 11. Ng5 {1-0 (31) Carlsen,M (2843)-Wojtaszek,R (2744) Shamkir 2018}) 10. Kb1 Nc5 11. Nce2 Bd7 12. Nh3 a5 13. Nhf4 a4 14. Nc1 b4 15. Bb5 Qa5 16. Bxc6 Bxc6 17. Rhe1 f6 (17... Bd7 $11) 18. g4 (18. Ncd3 $1 $14) 18... Be7 $11 19. Nh5 (19. Ncd3 $11) 19... Rg8 (19... O-O $1 $17 {next ...axb3 is good for Black.} 20. Nf4 Rfd8) 20. h4 axb3 21. cxb3 Bb5 $36 {[%mdl 2048] Threatens to win with ...Bd3+! Black fights for an advantage.} 22. Qe3 e5 23. Ng3 g6 24. Nge2 Qa6 25. f4 ({Better is} 25. Rd2 $15) 25... Bd7 $1 $17 26. Qf3 Qc8 27. Rg1 f5 ({Black should try} 27... Rf8 $17 {With the idea ...Qc6.} 28. Nd3 Nxd3 29. Rxd3 Bc6) 28. exf5 {[#]} (28. gxf5 $11 {remains equal.} Nxe4 29. fxg6 Rxg6 30. Ka1 (30. Rxg6 hxg6 31. fxe5 Bg4 $15)) 28... Bc6 $1 {[%cal Rc6f3,Bd7c6,Bc6e4,Be4c2,Bc2b3][%mdl 32]} 29. Qe3 Be4+ ({But not} 29... gxf5 $6 30. fxe5 Be4+ 31. Ka1 $11) 30. Ka1 {[#]} Bc2 $1 ({Reject} 30... gxf5 $6 31. fxe5 dxe5 32. gxf5 $11) 31. Rd5 $2 {[%mdl 8192] [#]} (31. a3 $17 Ne4 32. fxe5 bxa3 33. Bc3 dxe5 34. Rd5 gxf5 35. Rxe5) 31... Rxa2+ $1 $19 {[%mdl 512] Black is clearly winning.} 32. Nxa2 (32. Kxa2 Qa8+) 32... Nxb3+ 33. Qxb3 Bxb3 34. Ra5 Bd8 35. Ra7 Qb8 36. Rxh7 Qa8 {[%csl Gb3][%cal Ra8a2]} 37. Nec1 Bxa2 38. Bd4 Bf7+ 39. Kb2 Qa3+ 40. Kb1 exd4 {Precision: White = 29%, Black = 55%.} 0-1

[Event "Teplice Open 2018"]
[Site "Teplice"]
[Date "2018.06.23"]
[Round "8"]
[White "Movsesian, Sergei"]
[Black "Krysa, Leandro"]
[Result "1/2-1/2"]
[WhiteElo "2633"]
[BlackElo "2529"]
[Annotator "TA"]
[PlyCount "84"]
[EventDate "2018.06.22"]
[EventType "swiss"]
[EventCountry "CZE"]
[SourceTitle "playchess.com"]
[Source "ChessBase"]
[SourceQuality "1"]

{[%evp 16,84,0,0,0,2,29,14,29,8,33,0,-1,-13,-9,-14,-14,-25,-23,-12,-12,-12,-8,-8,-8,-23,0,-13,0,-17,-12,-17,-12,-11,-15,-22,0,-4,-4,-4,6,-15,9,0,0,0,12,13,16,0,9,5,6,0,21,21,28,0,0,0,0,0,0,0,4,0,0,0,0,0,0]} 1. e4 e5 2. Nf3 Nc6 3. Bc4 Bc5 4. O-O Nf6 5. d3 d6 6. c3 h6 7. a4 {C54: Italienische Partie (Hauptvariante)} (7. Re1 O-O 8. h3 a5 9. Nbd2 Be6 10. Bb5 Qb8 11. Nf1 Qa7 12. Re2 a4 13. Ng3 Qa5 14. Bxc6 bxc6 15. Nh4 Rfe8 16. Re1 {½-½ (28) Mamedyarov,S (2808)-Karjakin,S (2782) Stavanger 2018}) 7... a5 8. Bb3 O-O 9. h3 {LiveBook: 3 Partien} Ba7 10. Re1 Ne7 11. Nbd2 Ng6 12. Nf1 $146 ({Vorgänger:} 12. d4 Re8 13. Bc2 c6 14. Nf1 Nh5 15. dxe5 dxe5 16. Qxd8 Rxd8 {1-0 (65) Jumabayev,R (2603)-Basso,P (2460) Bastia 2017}) 12... c6 13. d4 exd4 14. Nxd4 Re8 15. Ng3 d5 16. exd5 Rxe1+ 17. Qxe1 Bxd4 18. cxd4 Nxd5 19. Bd2 Be6 20. Bc2 {[#] Droht stark Lxg6.} Nde7 21. Bc3 b6 22. Qe3 Nd5 23. Qf3 Qf6 24. Qxf6 Nxf6 25. Re1 {[#] zielt auf Lxg6 ab.} Re8 26. f3 Nd5 27. Bd2 Bd7 28. Ne4 f5 29. Nd6 Rxe1+ 30. Bxe1 Nge7 31. Bd2 f4 32. Kf2 g6 33. Be4 Kg7 34. Nc4 Kf6 35. Ne5 Be8 36. Nd3 g5 {Die Stellung ist ausgeglichen.} 37. b4 axb4 38. Nxb4 Bd7 39. Nd3 Bc8 40. a5 bxa5 41. Bxa5 Nf5 42. Bxf5 Bxf5 {Precision: Weiß = 66%, Schwarz = 48%.} 1/2-1/2

[Event "Teplice Open 2018"]
[Site "Teplice"]
[Date "2018.06.23"]
[Round "8"]
[White "Erdos, Viktor"]
[Black "Cukrowski, Filip"]
[Result "1-0"]
[WhiteElo "2620"]
[BlackElo "2401"]
[Annotator "TA"]
[PlyCount "55"]
[EventDate "2018.06.22"]
[EventType "swiss"]
[EventCountry "CZE"]
[SourceTitle "playchess.com"]
[Source "ChessBase"]
[SourceQuality "1"]

{[%evp 16,55,11,18,51,52,67,42,51,43,62,54,69,56,177,185,184,192,194,195,206,211,328,351,337,347,340,343,339,332,366,352,374,360,392,367,477,455,460,453,609,591]} 1. Nf3 Nf6 2. c4 e6 3. g3 d5 4. Bg2 c5 5. O-O Nc6 6. d4 dxc4 7. dxc5 Qxd1 8. Rxd1 Bxc5 9. Nbd2 {LiveBook: 379 Games} Na5 {E04: Open Catalan: 5 Nf3} (9... c3 10. bxc3 O-O 11. Nb3 Be7 12. c4 Bd7 13. Bb2 Rfd8 14. Nfd4 Rac8 15. Nb5 b6 16. Nd6 Bxd6 17. Rxd6 Be8 18. Rxd8 Nxd8 19. Rc1 Bc6 20. c5 Bxg2 21. Kxg2 {½-½ (30) Cheparinov,I (2710)-Anand,V (2782) Riadh 2017}) 10. Ne5 Bd7 11. Nxd7 $146 ({Predecessor:} 11. Ndxc4 Nxc4 12. Nxc4 Bc6 13. Bxc6+ bxc6 14. Bf4 Ne4 15. e3 g5 16. Be5 f6 17. f3 fxe5 18. fxe4 {1-0 (48) Even,R (2401)-Efimov,A (1911) ICCF email 2015}) 11... Nxd7 {White is slightly better.} 12. Ne4 {Rxd7! is the strong threat.} Rd8 13. Bd2 {[%cal Bc1d2,Bd2c3,Bc3e5][%mdl 32]} Nc6 14. Bc3 $36 {[%mdl 2048] Black is under pressure.} Rg8 (14... Bf8 $14) 15. Rxd7 $1 $18 Bxf2+ 16. Kxf2 Kxd7 17. a4 {[%cal Ba2a4,Ba4a5][%mdl 32]} Kc8 18. Nd2 Ne5 (18... Kb8 {keeps fighting.} 19. Nxc4 f6) 19. Bxe5 Rxd2 20. Rc1 Rd7 21. Rxc4+ Kd8 22. a5 f6 23. Bd4 a6 24. Ke3 Ke7 25. Rb4 Rb8 26. Bc5+ {White is clearly winning.} Kd8 27. Rb6 Rc8 28. b4 {Precision: White = 91%, Black = 37%.} 1-0

[Event "Teplice Open 2018"]
[Site "Teplice"]
[Date "2018.06.23"]
[Round "8"]
[White "Postny, Evgeny"]
[Black "Romanov, Evgeny"]
[Result "1/2-1/2"]
[WhiteElo "2576"]
[BlackElo "2628"]
[Annotator "TA"]
[PlyCount "117"]
[EventDate "2018.06.22"]
[EventType "swiss"]
[EventCountry "CZE"]
[SourceTitle "playchess.com"]
[Source "ChessBase"]
[SourceQuality "1"]

{[%evp 22,117,24,22,27,27,42,25,25,21,33,43,93,48,48,45,82,64,168,156,153,142,146,150,193,133,118,50,178,61,36,58,35,0,0,0,0,0,0,0,0,0,0,0,0,0,0,0,0,0,0,0,0,0,0,0,8,0,74,0,0,0,0,0,0,0,0,0,0,0,0,0,0,0,0,0,0,0,0,0,0,0,0,0,0,0,0,0,0,0,0,0,0,0,0,0,0,0]} 1. d4 Nf6 2. c4 e6 3. Nf3 b6 4. g3 Bb7 5. Bg2 Bb4+ 6. Bd2 c5 7. Bxb4 cxb4 8. O-O O-O 9. Qd3 {E16: Queen's Indian: 4 g3 Bb7 5 Bg2 Bb4+} a5 10. Nbd2 d6 11. e4 e5 12. Ne1 {LiveBook: 5 Games} Nc6 13. Nc2 Re8 14. Rad1 Qc7 15. Rfe1 Rac8 16. b3 Qb8 {[#]} 17. Nf3 $146 ({Predecessor:} 17. Nf1 Ba6 18. Nfe3 {½-½ (44) Rodshtein,M (2678)-Fedorchuk,S (2637) Brest 2018}) 17... Ba6 18. Bf1 g6 19. Ne3 (19. Qe3 {seems wilder.} Kg7 20. Bh3 Rcd8 21. d5 Ne7 22. a3) 19... Nxe4 (19... Rcd8 $14) 20. dxe5 $18 ({Stronger than} 20. Qxe4 exd4 21. Qf4 dxe3 $11) 20... Nc5 21. Qxd6 {Strongly threatening Bh3.} Nxe5 22. Nxe5 Rxe5 23. Qf6 (23. Qd4 $18 Re4 24. Qd2) 23... Ne4 $16 {[#]} 24. Qf4 ({White should play} 24. Qh4 $1 $16) 24... Ree8 (24... Nc3 $1 $14) 25. Qxb8 (25. Qh6 $18) 25... Rxb8 $14 26. Nd5 {Rxe4! is the strong threat.} Bb7 27. Rxe4 Rxe4 28. Nf6+ Kg7 29. Nxe4 Bxe4 $11 {[%mdl 4096] Endgame KRB-KRB} 30. Bg2 Re8 31. Bxe4 Rxe4 {KR-KR} 32. Kf1 Kf6 33. Rd7 Re7 34. Rd6+ Re6 35. Rd7 (35. Rd5 {is more complex.} Re5 36. Rd8 b5 37. cxb5 Rxb5 38. Rc8) 35... Re7 36. Rxe7 (36. Rd8 {is interesting.} g5 37. Rd6+ Re6 38. Rd5 Re5 39. Rd6+) 36... Kxe7 {KP-KP} 37. Ke2 h5 38. Ke3 Ke6 39. Ke4 Kd6 {[#]} (39... g5 $11) 40. h3 (40. h4 $1 $16) 40... Ke6 {The position is equal.} 41. h4 f6 42. Kf4 Kd6 $1 43. Ke4 Ke6 44. Kf4 Kd6 $1 45. f3 {[%cal Bf2f3,Bf3f4,Bf4f5][%mdl 32]} Kc5 46. Ke3 a4 47. g4 a3 48. Ke4 Kd6 49. Kd4 Kc6 $1 50. f4 {Hoping for f5.} hxg4 {[#] Threatens to win with ...f5.} 51. f5 $1 {[%cal Rf5g6][%mdl 512]} Kd6 ({Wrong is} 51... gxf5 $2 52. h5 $18) 52. fxg6 Ke7 53. h5 {[%cal Bh4h5,Bh5h6,Bh6h7][%mdl 32]} g3 {And now ...g2 would win.} 54. Ke3 f5 $1 {[%cal Bf6f5,Bf5f4][%mdl 32]} 55. h6 Kf6 56. h7 Kg7 57. Kf3 f4 $1 58. Kg2 Kh8 59. Kf3 {Precision: White = 61%, Black = 66%.} 1/2-1/2

[Event "Teplice Open 2018"]
[Site "Teplice"]
[Date "2018.06.23"]
[Round "8"]
[White "Vorobiov, Evgeny E."]
[Black "Ikeda, Junta"]
[Result "1-0"]
[WhiteElo "2553"]
[BlackElo "2420"]
[Annotator "TA"]
[PlyCount "65"]
[EventDate "2018.06.22"]
[EventType "swiss"]
[EventCountry "CZE"]
[SourceTitle "playchess.com"]
[Source "ChessBase"]
[SourceQuality "1"]

{[%evp 25,65,11,20,24,26,20,26,25,31,0,0,0,9,16,58,0,0,-12,0,0,44,44,56,47,81,70,96,93,92,92,92,110,607,594,677,673,655,654,1089,1043,29989,29990]} 1. d4 {Meulders,R} f5 2. g3 Nf6 3. Bg2 g6 4. Nf3 Bg7 5. O-O O-O 6. b3 d6 7. Bb2 Ne4 8. Nbd2 Nc6 9. Ne1 {A81: Dutch Defence: 2 g3} Ng5 10. f4 Nf7 11. Nc4 e6 12. Qd2 Rb8 13. Rd1 Ne7 {LiveBook: 3 Games} 14. Nd3 b6 15. Ne3 Bb7 {[#]} 16. Bxb7 $146 ({Predecessor:} 16. c4 Bxg2 17. Nxg2 {0-1 (46) Saric,A (2594)-Bartel,M (2653) Gjakova 2016 CBM 173 [Meulders,R]}) 16... Rxb7 17. d5 Bxb2 18. Nxb2 Qd7 19. c4 b5 20. Nd3 ({White should try} 20. dxe6 $14 Qxe6 21. cxb5) 20... bxc4 $11 21. bxc4 Rfb8 22. Rc1 exd5 23. cxd5 Rb5 24. a4 Rb3 25. Rc4 Nd8 26. Rfc1 $36 {[%mdl 2048] Keeping Black busy.} Rb1 27. Rxb1 Rxb1+ 28. Kf2 c5 $2 {[%mdl 8192] [#]} (28... Rb8 $16) 29. dxc6 $1 $18 Ndxc6 30. Qa2 d5 31. Rxc6 $1 ({Less strong is} 31. Qxb1 dxc4 32. Qa2 Na5 $16) 31... Rh1 32. Ne5 Qb7 {[#]} 33. Nxd5 $1 {[%mdl 512] Precision: White = 73%, Black = 21%.} 1-0

[Event "Teplice Open 2018"]
[Site "Teplice"]
[Date "2018.06.23"]
[Round "8"]
[White "Repka, Christopher"]
[Black "Maryasin, Boris"]
[Result "1-0"]
[WhiteElo "2534"]
[BlackElo "2302"]
[Annotator "TA"]
[PlyCount "95"]
[EventDate "2018.06.22"]
[EventType "swiss"]
[EventCountry "CZE"]
[SourceTitle "playchess.com"]
[Source "ChessBase"]
[SourceQuality "1"]

{[%evp 16,95,43,34,76,83,83,83,83,83,83,83,104,83,102,47,65,55,56,36,69,48,109,98,106,62,60,18,29,0,0,0,-7,-8,0,-9,0,0,-1,-34,-38,-53,13,0,46,32,51,42,72,49,60,28,56,50,261,241,437,447,452,432,420,425,460,458,454,428,418,408,469,472,456,447,429,420,600,598,561,569,633,616,609,635]} 1. e4 c5 2. Nf3 Nc6 3. d4 cxd4 4. Nxd4 Qb6 5. Nb3 Nf6 6. Nc3 e6 7. Bd3 a6 8. O-O Qc7 9. f4 {LiveBook: 68 Games} b5 {B33: Sicilian: Pelikan and Sveshnikov Variations} (9... d6 10. Be3 b5 11. a4 b4 12. Nb1 e5 13. f5 d5 14. N1d2 Bb7 15. a5 Be7 16. Bb6 Qc8 17. exd5 Nxd5 {½-½ (60) Alekseenko,K (2554)-Azarov,S (2599) Moscow 2016}) 10. e5 b4 11. Na4 Nd5 {White is better.} 12. Be4 Nb6 13. Nxb6 Qxb6+ $146 14. Kh1 Bb7 15. Qf3 (15. Qe1 $16) 15... Nd8 $14 16. Be3 Bxe4 17. Qxe4 Qc6 18. Qd3 d5 (18... Qb5 $14) 19. exd6 $16 Bxd6 20. f5 O-O 21. f6 g6 $1 22. Qd2 Re8 23. Na5 Qd5 24. Nc4 Qxd2 25. Bxd2 Bc5 26. a3 $36 {[%mdl 2048] White fights for an advantage.} bxa3 27. b4 Bf8 $1 28. Nb6 Rb8 ({Black should try} 28... Ra7 $1 $15) 29. Nd7 $11 Rb7 30. Nxf8 Kxf8 31. Rxa3 Nc6 32. c3 ({Don't play} 32. Rxa6 $6 Nxb4 33. Rb1 Nxa6 $11) 32... Nb8 33. Bh6+ Kg8 34. Rd1 e5 $2 (34... Nd7 $14) 35. Ra5 $18 Rd7 $2 (35... Rb5 36. Rxb5 axb5) 36. Rxd7 Nxd7 37. Rxa6 {[%mdl 4096] Endgame KRB-KRN} e4 38. Kg1 e3 39. Kf1 e2+ 40. Ke1 Ne5 {[#] ( -> ...Nd3+)} 41. Rd6 Ng4 42. Bf4 h6 43. h3 Nf2 44. Rd2 Re6 (44... g5 $142 45. Bg3 (45. Rxe2 Nd3+ 46. Kd2 Rxe2+ 47. Kxd3 Rxg2 $11) 45... Nd1) 45. Bxh6 {White is clearly winning.} Kh7 46. Rxe2 Nd3+ 47. Kd2 {[#] Rxe6 is the strong threat.} Rd6 {Threatens to win with ...Nxb4+.} 48. Bf8 {Precision: White = 65%, Black = 52%.} 1-0

[Event "Teplice Open 2018"]
[Site "Teplice"]
[Date "2018.06.23"]
[Round "8"]
[White "Movsziszian, Karen"]
[Black "Grela, Kacper"]
[Result "1-0"]
[WhiteElo "2527"]
[BlackElo "2342"]
[Annotator "TA"]
[PlyCount "22"]
[EventDate "2018.06.22"]
[EventType "swiss"]
[EventCountry "CZE"]
[SourceTitle "playchess.com"]
[Source "ChessBase"]
[SourceQuality "1"]

{[%evp 9,22,8,9,-18,0,-9,-3,-23,-15,-67,-51,-56,-35,-65,12]} 1. g3 Nf6 2. Bg2 d5 3. f4 c5 4. Nf3 Nc6 5. d3 Bf5 {LiveBook: 3 Games} (5... g6 6. O-O Bg7 7. c3 O-O 8. Na3 Re8 9. Nh4 e5 10. f5 Qb6 11. e4 c4+ 12. Kh1 cxd3 13. exd5 Ne7 14. fxg6 hxg6 15. Qxd3 e4 16. Qb5 Nexd5 17. Qxb6 axb6 {½-½ (101) Movsziszian,K (2485)-Forcen Esteban,D (2536) Benasque 2017}) 6. Nh4 {A03: Bird's Opening with 1...d5} e6 7. O-O Be7 8. Na3 $146 ({Predecessor:} 8. c3 O-O 9. h3 h6 10. Nxf5 exf5 11. Nd2 Re8 12. e4 fxe4 13. dxe4 dxe4 14. Nxe4 {½-½ (56) Strelnikov,S (2388)-Vinogradov,A (2235) Voronezh 2015}) 8... O-O 9. Kh1 (9. c3 $11) 9... Re8 {Black is slightly better.} 10. c3 Qd7 11. Qc2 d4 {[%mdl 32768] Loss on Time!?} ({Black should try} 11... h5 $15) 1-0